| 000 | 00531nam a2200193 a 4500 | ||
|---|---|---|---|
| 005 | 20260225064007.0 | ||
| 008 | 991125s1984 es 000 0 spa u | ||
| 020 | _a8475093523 | ||
| 035 | _aUPN01000004557 | ||
| 049 | _aCG | ||
| 050 | 4 |
_aN5630 _aM3.38 |
|
| 100 | 1 | _aMaffre, Jean-Jacques | |
| 245 | 1 | 3 |
_aEl arte griego / _cJean-Jacques Maffre ; tr. Rubén Masera |
| 260 |
_aBarcelona [Esp.] : _bPaidós, _c1984. |
||
| 300 |
_a63 p. : _bil. |
||
| 440 | 0 | _aGramática de los estilos | |
| 650 | 2 |
_aArte griego _92566 |
|
| 905 | _aLibro | ||
| 999 |
_c4557 _d4557 |
||